000
00229 a2200109 4500
003
Nust
005
20170207154224.0
040
_c
Nust
082
_a
371.33
245
_a
Wind Talkers (VHS-407)
440
_a
Wind Talkers (VHS-407)
538
_a
DuratioN Mins 150
999
_c
195477
_d
195477